| 000 | 00518nam a22002057a 4500 | ||
|---|---|---|---|
| 001 | nam a22 7a 4500 | ||
| 003 | OSt | ||
| 005 | 20211026083421.0 | ||
| 007 | nam a22 7a 4500 | ||
| 008 | 211026b |||||||| |||| 00| 0 eng d | ||
| 010 | _a nam a22 7a 4500 | ||
| 020 | _a0471199575 | ||
| 040 | _cHU | ||
| 082 |
_26th _a546/ADV/1999 |
||
| 245 | _aAdvanced Inorganic Chemistry | ||
| 250 | _a6th | ||
| 260 |
_aNew York _bJohn Wiley & Sons, INC. _c1999 |
||
| 300 | _a1355p | ||
| 942 |
_2ddc _cBOOKS _n0 |
||
| 999 |
_c14820 _d14820 |
||